MARC

LEADER 00000nam0a2200000 4500
001 204133
005 20231101225209.0
035 |a (RuTPU)RU\TPU\book\222477 
090 |a 204133 
100 |a 20111119d1982 m y0rusy50 ca 
101 0 |a rus 
102 |a RU 
105 |a a j 001zy 
200 1 |a Устойчивость бортов и осушение карьеров  |e учебник  |f А. И. Арсентьев, И. Ю. Букин, В. А. Мироненко 
210 |a Москва  |c Недра  |d 1982 
215 |a 166 с.  |c ил. 
320 |a Библиогр.: с. 161-162. 
606 |a Карьеры  |x Борта  |x Деформация  |x Устойчивость  |x Расчет  |2 stltpush  |3 (RuTPU)RU\TPU\subj\39408  |9 59521 
606 |a Карьеры  |x Осушение  |2 stltpush  |3 (RuTPU)RU\TPU\subj\13981  |9 40512 
610 1 |a месторождения полезных ископаемых 
610 1 |a осушение 
610 1 |a борта 
610 1 |a оползни 
610 1 |a осыпи 
610 1 |a обрушения 
610 1 |a деформации 
610 1 |a осадки 
610 1 |a просадки 
610 1 |a горные породы 
610 1 |a классификация 
610 1 |a расчет 
610 1 |a карьерные поля 
610 1 |a осушение 
610 1 |a устойчивость 
675 |a 622.271.33(075.8)  |v 3 
675 |a 622.58(075.8)  |v 3 
700 1 |a Арсентьев  |b А. И.  |c русский ученый в области горных наук  |c создатель научной школы по проблемам теории проектирования карьеров  |c самостоятельно занимается живописью и графикой  |f 1918-  |g Александр Иванович  |2 stltpush  |3 (RuTPU)RU\TPU\pers\23263  |9 10052 
701 1 |a Букин  |b И. Ю.  |g Игорь Юрьевич 
701 1 |a Мироненко  |b В. А.  |g Валерий Александрович 
801 1 |a RU  |b 63413507  |c 20111119 
801 2 |a RU  |b 63413507  |c 20180116  |g RCR 
942 |c BK